| 000 | 00449nam a2200169Ia 4500 | ||
|---|---|---|---|
| 003 | 0100 | ||
| 008 | 130303s9999 xx 000 0 und d | ||
| 040 | _cARRUPELIB | ||
| 050 | _aBL1055.R351988 | ||
| 245 | _aReadings in Eastern religions | ||
| 260 | _aWaterloo, Ont. | ||
| 260 | _bWilfrid Laurier UP | ||
| 260 | _C1988 | ||
| 300 | _a368p | ||
| 700 | _aed. by Harold Coward, Eva Dargyay, and Ronald Neufeldt , Coward, Harold G., ed | ||
| 942 | 0 | 0 | _04 |
| 999 |
_c21958 _d21958 |
||